El tuzaní de la Alpujarra o amar después de la muerte
Uloženo v:
| Hlavní autor: | |
|---|---|
| Médium: | Kniha |
| Jazyk: | španělština |
| Vydáno: |
Madrid
Marcial Pons
1999
|
| Témata: | |
| Tagy: |
Přidat tag
Žádné tagy, Buďte první, kdo vytvoří štítek k tomuto záznamu!
|
MARC
| LEADER | 00000nam a2200000 a 4500 | ||
|---|---|---|---|
| 001 | UCO7103 | ||
| 003 | CL-VaPUC | ||
| 008 | 001110e19990000SP |||||||||||||||||spa|d | ||
| 082 | 0 | 4 | |a 862 |b CAL |2 21 |
| 100 | 0 | |a Calderón de la Barca, Pedro |e author |9 316207 | |
| 245 | 1 | 3 | |a El tuzaní de la Alpujarra o amar después de la muerte |
| 300 | |a 89 p | ||
| 942 | |c BK | ||
| 945 | |d 20001110 00:00:00 |a vberengu | ||
| 260 | |a Madrid |b Marcial Pons |c 1999 | ||
| 650 | 0 | |a Dramas españoles |9 267081 | |
| 650 | 0 | |a Teatro español |9 265077 | |
| 583 | |a last modification |c 20001110 00:00:00 |k Rodrigo Vera | ||
| 999 | |c 292310 |d 292308 | ||
| 952 | |0 0 |1 0 |4 0 |6 862_000000000000000_CAL_1999 |7 0 |8 P |9 343089 |a BIBDER |b BIBDER |d 2019-11-20 |i 3597709 |o 862 CAL 1999 |p 3597709 |r 2023-01-25 |w 2019-11-20 |y BK |k DER | ||